000 02714cam a2200169 4500500
005 20251228083534.0
041 _afre
042 _adc
100 1 0 _aJamet, Raphaëlle
_eauthor
245 0 0 _aAsger Jorn et l’Institut Scandinave de Vandalisme Comparé. La création d’un boréalisme endogène
260 _c2018.
500 _a35
520 _aAsger Jorn, artiste danois, crée au début des années 1960 l’Institut Scandinave de Vandalisme Comparatif. Que signifie ce projet qui met en relation l’art populaire nordique, l’archéologie et les dernières évolutions de l’avant-garde artistique ? Cet espace hybride peut être difficile à cerner tant il déploie ses activités à travers les frontières à la fois géographiques, conceptuelles et disciplinaires. Le concept de boréalisme, présenté dans cet ouvrage, met en lumière que, par ce projet, Asger Jorn tente d’apporter une réponse complexe à la fois à l’actualité politique, artistique et scientifique. Partant d’une prise de conscience des effets d’une représentation du Nord subie dans un contexte historique et géopolitique mouvementé, il poursuit un travail engagé dans l’avant-garde artistique de l’après-guerre en se réappropriant les concepts de centre et de périphérie pour finalement par le biais de la double figure de l’artiste et du scientifique insuffler une nouvelle puissance et révéler des « Nords » d’ores et déjà présents dans la culture mondiale.
520 _aAsger Jorn, Danish artist, founded the Scandinavian Institute for Comparative Vandalism in the early sixties. What is the signifiance of such a project that combines popular Nordic art, archaeology and the last developments in the artistic avant-garde movments? This hybrid space can be relatively difficult to understand as it traverses over geographical, conceptual and disciplinary boundaries. The concept of Borealism, as presented in this journal, brings to light a project where Asger Jorn attempts to give a complex response towards political, artistic and scientific issues of the day. He begins fully aware of the consequences of a representation of the North as endured in a historical, geopolitical and turbulent context; Jorn (then) pursues his works he began in the early post-war period around the concept of full appropriation of the centre and periphery; and finally by using the double-face of the artist and the scientist Jorn empowers and reveals the North that has always been in global culture.
786 0 _nÉtudes Germaniques | 290 | 2 | 2018-11-19 | p. 233-253 | 0014-2115
856 4 1 _uhttps://shs.cairn.info/revue-etudes-germaniques-2018-2-page-233?lang=fr&redirect-ssocas=7080
999 _c1601473
_d1601473